MARC

LEADER 00000nbm0a2200000 4500
001 188928
005 20231101224154.0
035 |a (RuTPU)RU\TPU\book\205223 
035 |a RU\TPU\book\205221 
090 |a 188928 
100 |a 20101216j20101215k y0rusy50 ca 
101 0 |a rus 
102 |a RU 
105 |a a m 001zy 
200 1 |a Влияние конструкции кабельных изделий на процесс теплового старения полимерных материалов  |e диссертация на соискание ученой степени кандидата технических наук  |e спец. 05.09.02  |f О. А. Анисимова  |g Национальный исследовательский Томский политехнический университет (ТПУ) ; науч. рук. Ю. М. Анненков 
210 |a Томск  |d 2010 
215 |a 133 л.  |c ил. 
300 |a Защищена 15.12.2010 
320 |a Библиогр.: с. 114-122 (115 назв.). 
606 1 |a Кабельные изделия  |x Долговечность  |2 stltpush  |3 (RuTPU)RU\TPU\subj\13414  |9 40025 
610 1 |a кабели 
610 1 |a классификация 
610 1 |a назначение 
610 1 |a полимерные материалы 
610 1 |a испытания 
610 1 |a старение 
610 1 |a термическое старение 
610 1 |a тепловое старение 
610 1 |a химические реакции 
610 1 |a термопласты 
610 1 |a ПВХ пластикат 
610 1 |a эксплуатационные характеристики 
610 1 |a качество 
610 1 |a надежность 
610 1 |a диссертации 
610 1 |a труды учёных ТПУ 
675 |a 621.315.2.002(04)  |v 3 
686 |a 05.09.02  |2 oksvnk 
700 1 |a Анисимова  |b О. А.  |c специалист в области электротехники  |c ассистент кафедры электромеханических комплексов и материалов Томского политехнического университета  |f 1984-  |g Ольга Александровна  |2 stltpush  |3 (RuTPU)RU\TPU\pers\25661 
702 1 |a Анненков  |b Ю. М.  |c российский физик  |c профессор Томского политехнического университета, доктор физико-математических наук  |f 1940-  |g Юрий Михайлович  |2 stltpush  |3 (RuTPU)RU\TPU\pers\25662  |4 727 
712 0 2 |a Национальный исследовательский Томский политехнический университет (ТПУ)  |c (2009- )  |2 stltpush  |3 (RuTPU)RU\TPU\col\15902 
801 1 |a RU  |b 63413507  |c 20101216 
801 2 |a RU  |b 63413507  |c 20101223  |g RCR 
942 |c BK